000 01330cam a2200313 i 4500
003 SA-RiAUC
005 20250516150314.0
008 250513s1997 su g 00010 ara c
020 _a9960911659
040 _aSA-JeALM
_bara
_cSA-RiAUC
_erda
082 0 4 _a237.2
_qSA-RiAUC
090 _a237.2
_b ا ب ن ر
100 1 _aابن رجب، عبد الرحمن بن أحمد بن رجب،
_d736-795 هجري
_eمؤلف.
245 1 0 _aشرح حديث لبيك اللهم لبيك /
_cعبد الرحمن بن أحمد بن رجب ؛ تحقيق الوليد عبدالرحمن محمد آل فريان
246 3 0 _aحديث لبيك اللهم لبيك
264 1 _aمكة المكرمة :
_bدار عالم الفوائد،
_c1997
300 _a144 صفحة ؛
_c21 سم.
336 _aنص
_btxt
_2rdacontent
_3كتاب
337 _aبدون وسيط
_bn
_2rdamedia
338 _aمجلد
_bnc
_2rdacarrier
490 0 _aمكتبة ابن رجب ؛
_v7
650 7 _aالأدعية والأوراد
_2aucsh
650 7 _aالحديث
_xشرح
_2aucsh
650 7 _aالحديث
_xالمسانيد
_2aucsh
650 7 _aالحديث
_xأسباب وروده
_2aucsh
700 _aآل فريان, الوليد عبدالرحمن محمد.
_eتحقيق
942 _2ddc
_cBOOK
_n0
949 _aSA-JeALM
_d250513
_umohamedma123
_n1
999 _c7970
_d7970